| 000 | 00641nam a22001937a 4500 | ||
|---|---|---|---|
| 999 |
_c8474 _d8474 |
||
| 003 | AR-CdUCM | ||
| 008 | 190325b ||||| |||| 00| 0 spa d | ||
| 040 |
_aMUNICIPALIDAD PROVINCIAL DEL CUSCO _cBIBLIOTECA MUNICIPAL DEL CUSCO |
||
| 082 |
_22ed. aumentada _a861 / _bP33 |
||
| 245 |
_aVoces de España : _bbreve antologia de poetas españoles contemporaneos / |
||
| 260 |
_aMéxico : _bLetras de México, _c1938. |
||
| 300 |
_a72 páginas ; _c19 cm. |
||
| 500 | _aDonación familia Nieto. | ||
| 650 |
_aColección _92826 |
||
| 650 |
_aPoesía _9139 |
||
| 700 |
_aPaz, Octavio (selección y nota) _923767 |
||
| 942 |
_2ddc _cLIBROS |
||
| 945 | _azta | ||